Quiz - Cinéma : acteurs français - Statistiques

Statistiques générales
  • Ce quiz a été pris 476 fois
  • Le résultat moyen est 21 sur 40
Statistiques - réponses
Par images Réponse % Correct
Pierre Niney
98%
Omar Sy
85%
Jean Dujardin
84%
Louis de Funès
82%
Christian Clavier
79%
Gérard Depardieu
76%
François Civil
74%
Timothée Chalamet
74%
Gilles Lellouche
72%
Jean Reno
72%
Gérard Jugnot
71%
Guillaume Canet
70%
Vincent Cassel
68%
Alain Delon
66%
Michel Blanc
65%
Bourvil
61%
Jean-Paul Belmondo
59%
Fabrice Luchini
56%
François Cluzet
54%
Fernandel
51%
Romain Duris
46%
Jean Rochefort
44%
Benoît Magimel
43%
Daniel Auteuil
43%
Jean Gabin
41%
Michel Galabru
41%
Pierre Richard
41%
Claude Brasseur
40%
Gaspard Ulliel
39%
Tahar Rahim
39%
Vincent Lindon
37%
Lambert Wilson
34%
André Dussollier
24%
Roschdy Zem
24%
Bernard Blier
23%
Michel Serrault
21%
Yves Montand
20%
Mathieu Amalric
19%
Jean-Pierre Marielle
12%
Jean-Louis Trintignant
9%
Aucun quiz correspondant
Distribution des résultats
% des personnes avec chaque résultat
Percentile par nombre de réponses
Votre historique - résultats
Vous n’avez pas pris ce quiz